Разработка онтологической модели для описания различных форм бронхиальной астмы; Молодежь и современные информационные технологии; Т. 2

Detalles Bibliográficos
Parent link:Молодежь и современные информационные технологии: сборник трудов XIII Международной научно-практической конференции студентов, аспирантов и молодых ученых, г. Томск, 9-13 ноября 2015 г./ Национальный исследовательский Томский политехнический университет (ТПУ), Институт кибернетики (ИК) ; под ред. Т. Е. Мамоновой [и др.].— , 2016
Т. 2.— 2016.— [С. 268-269]
Autor Principal: Тарасова Л. П.
Corporate Authors: Национальный исследовательский Томский политехнический университет (ТПУ) Институт кибернетики (ИК) Кафедра прикладной математики (ПМ), Национальный исследовательский Томский политехнический университет (ТПУ) Институт социально-гуманитарных технологий (ИСГТ) Кафедра менеджмента (МЕН)
Outros autores: Берестнева О. Г. Ольга Григорьевна
Summary:Заглавие с титульного экрана
Idioma:ruso
Publicado: 2016
Series:Информационные технологии в гуманитарных и медицинских исследованиях
Subjects:
Acceso en liña:http://earchive.tpu.ru/handle/11683/17073
Formato: Electrónico Capítulo de libro
KOHA link:https://koha.lib.tpu.ru/cgi-bin/koha/opac-detail.pl?biblionumber=617750

MARC

LEADER 00000naa2a2200000 4500
001 617750
005 20240111135919.0
035 |a (RuTPU)RU\TPU\conf\16067 
035 |a RU\TPU\conf\16066 
090 |a 617750 
100 |a 20160323d2016 k y0rusy50 ca 
101 0 |a rus 
102 |a RU 
105 |a y z 101zy 
135 |a drcn ---uucaa 
181 0 |a i  
182 0 |a b 
200 1 |a Разработка онтологической модели для описания различных форм бронхиальной астмы  |f Л. П. Тарасова, О. Г. Берестнева 
203 |a Текст  |c электронный 
225 1 |a Информационные технологии в гуманитарных и медицинских исследованиях 
300 |a Заглавие с титульного экрана 
320 |a [Библиогр.: с. 269 (10 назв.)] 
337 |a Adobe Reader 
461 1 |0 (RuTPU)RU\TPU\conf\15701  |t Молодежь и современные информационные технологии  |o сборник трудов XIII Международной научно-практической конференции студентов, аспирантов и молодых ученых, г. Томск, 9-13 ноября 2015 г.  |o в 2 т.  |f Национальный исследовательский Томский политехнический университет (ТПУ), Институт кибернетики (ИК) ; под ред. Т. Е. Мамоновой [и др.]  |d 2016 
463 0 |0 (RuTPU)RU\TPU\conf\15706  |t Т. 2  |v [С. 268-269]  |d 2016 
610 1 |a труды учёных ТПУ 
610 1 |a электронный ресурс 
610 1 |a бронхиальная астма 
610 1 |a онтологические модели 
610 1 |a компьютерные технологии 
610 1 |a поддержка решений 
610 1 |a медицинские информационные технологии 
700 1 |a Тарасова  |b Л. П. 
701 1 |a Берестнева  |b О. Г.  |c специалист в области информатики и вычислительной техники  |c профессор Томского политехнического университета, доктор технических наук  |f 1953-  |g Ольга Григорьевна  |3 (RuTPU)RU\TPU\pers\24545  |9 10845 
712 0 2 |a Национальный исследовательский Томский политехнический университет (ТПУ)  |b Институт кибернетики (ИК)  |b Кафедра прикладной математики (ПМ)  |3 (RuTPU)RU\TPU\col\18700 
712 0 2 |a Национальный исследовательский Томский политехнический университет (ТПУ)  |b Институт социально-гуманитарных технологий (ИСГТ)  |b Кафедра менеджмента (МЕН)  |3 (RuTPU)RU\TPU\col\18855 
801 2 |a RU  |b 63413507  |c 20160405  |g RCR 
856 4 |u http://earchive.tpu.ru/handle/11683/17073 
942 |c BK